Geometric mechanics /
Guardado en:
| Autor Principal: | |
|---|---|
| Formato: | Libro |
| Idioma: | English |
| Publicado: |
London : Hackensack, NJ :
Imperial College Press ; Distributed by World Scientific,
c2011.
|
| Edición: | 2nd ed. |
| Materias: | |
| Etiquetas: |
Agregar Etiqueta
Sin Etiquetas, Sea el primero en etiquetar este registro!
|
| LEADER | 01297cam a2200349 a 4500 | ||
|---|---|---|---|
| 001 | MAT.inmabb006891 | ||
| 008 | 111125s2011####enka#####b####001#0#eng## | ||
| 005 | 20170314134308.0 | ||
| 245 | 1 | 0 | |a Geometric mechanics / |c Darryl D. Holm. |
| 250 | |a 2nd ed. | ||
| 260 | |a London : |b Imperial College Press ; |a Hackensack, NJ : |b Distributed by World Scientific, |c c2011. | ||
| 300 | |a 2 v. : |b il. (algunas col.) ; |c 24 cm. | ||
| 504 | |a Incluye referencias bibliográficas e índices. | ||
| 505 | 0 | |a pt. 1. Dynamics and symmetry -- pt. 2. Rotating, translating, and rolling. | |
| 510 | 4 | |a MR, |c 2012f:37173 |3 v. 1 | |
| 510 | 4 | |a MR, |c 2012j:37118 |3 v. 2 | |
| 020 | |a 9781848167742 (v. 1) | ||
| 020 | |a 1848167741 (v. 1) | ||
| 020 | |a 9781848167759 (v. 1 : pbk) | ||
| 020 | |a 184816775X (v. 1 : pbk) | ||
| 020 | |a 9781848167773 (v. 2) | ||
| 020 | |a 1848167776 (v. 2) | ||
| 020 | |a 9781848167780 (v. 2 : pbk) | ||
| 020 | |a 1848167784 (v. 2 : pbk) | ||
| 100 | 1 | |a Holm, Darryl D. | |
| 650 | 0 | |a Mechanics, Analytic |v Textbooks. | |
| 650 | 0 | |a Geometry, Differential |v Textbooks. | |
| 084 | |a 37N05 (70-01 70Exx 70Gxx 70Hxx) |2 msc2010 | ||
| 010 | |a 2011293610 | ||
| 040 | |a DLC |c DLC |d DLC | ||
| 859 | |h 37 |i H747g-2 |p A-8904 |v 1 |3 Part I |b BIB. MATEMATICA | ||
| 859 | |h 37 |i H747g-2 |p A-8905 |v 2 |3 Part II |b BIB. MATEMATICA | ||
